Statistiques concernant Les 20 préfectures les plus proches de Bordeaux

Cliquez ici pour prendre le quiz!

Statistiques générales

  • Ce quiz a été pris 183 fois
  • Le résultat moyen est 14 sur 20

Statistiques - réponses

distance (en km)ville préfecture% Correct
212Toulouse
92%
214La Roche sur Yon
91%
173Pau
91%
153La Rochelle
86%
106Mont de Marsan
86%
107Angoulême
84%
182Limoges
81%
109Périgueux
80%
119Agen
79%
206Poitiers
79%
165Niort
70%
240Albi
68%
187Tarbes
68%
191Tulle
66%
162Auch
62%
179Montauban
60%
166Cahors
57%
242Guéret
56%
273Foix
50%
239Aurillac
44%

Distribution des résultats

Percentile par nombre de réponses

% des personnes avec chaque résultat

Votre développement - résultats

Vous n’avez pas pris ce quiz